• 首页
  • 本馆介绍
  • 公告通知
  • 最新文献
  • 馆藏检索
  • 电子资源
  • 读者导购
  • 参考咨询
  • 我的图书馆
  • 登录
  • 详细信息显示
  • 放入我的书架
  • 预约/预借图书
  • 作者相关作品
  • 分类相关作品
  • 丛书相关作品
  • 出版社相关作品

书目信息

  • 表格格式
  • 工作单格式
  • 卡片格式
题名:
把通货膨胀彻底说清楚
    
 
作者: 孙玉梅 , 陈兴建 著
分册:  
出版信息: 北京   新世界出版社  2012
页数: 214页
开本: 24cm
丛书名:
单 册:
中图分类: F822.5
科图分类:
主题词: 通货膨胀--研究--中国 , 通货膨胀
电子资源:
ISBN: 978-7-5104-2491-5
000 01021nam0 22002531 450
001 519
005 20140909101831.57
010    @a978-7-5104-2491-5@dCNY29.80
100    @a20120413d2012 em y0chiy50 ea
101 0  @achi
102    @aCN@b110000
105    @ay z 000yy
106    @ar
200 1  @a把通货膨胀彻底说清楚@ABa Tong Huo Peng Zhang Che Di Shuo Qing Chu@f孙玉梅,陈兴建著@FSun Yu Mei, Chen Xing Jian Zhu
210    @a北京@c新世界出版社@d2012
215    @a214页@d24cm
330    @a本书从通货膨胀产生的原因以及对人们生活的影响入手,层层深入地盘点了2011年上半年一些商品的上涨趋势,用生动的案例和简单易懂的语言,一一阐述了每种物品上涨的最根本原因,并综合了80后白领一族及邻家大妈、大婶的省钱或投资理财经验,“对症下药”地向广大读者提供一些对抗通货膨胀的策略、技巧。
606 0  @a通货膨胀@x研究@y中国
606 0  @a通货膨胀
690    @aF822.5@v5
701  0 @a孙玉梅@ASun Yu Mei@g(写作)@4著
701  0 @a陈兴建@AChen Xing Jian@4著
801  0 @aCN@bTANGWEI@c20140603
905    @b0837591-93@dF822.5@e76@f3
    
    把通货膨胀彻底说清楚/孙玉梅,陈兴建著.-北京:新世界出版社,2012
    214页;24cm
    
    
    ISBN 978-7-5104-2491-5:CNY29.80
    本书从通货膨胀产生的原因以及对人们生活的影响入手,层层深入地盘点了2011年上半年一些商品的上涨趋势,用生动的案例和简单易懂的语言,一一阐述了每种物品上涨的最根本原因,并综合了80后白领一族及邻家大妈、大婶的省钱或投资理财经验,“对症下药”地向广大读者提供一些对抗通货膨胀的策略、技巧。
●
相关链接 在E读中查询图书 在五车中查询图书 在当当中查询图书 在豆瓣中查询图书


正题名:把通货膨胀彻底说清楚     索取号:F822.5/76         预约/预借

序号 登录号 条形码 馆藏地/架位号 状态 备注
1 0837591   208375916   第一样本阅览室/ [索取号:F822.5/76] 在馆    
2 0837592   208375925   密集书库-海洋学院/ [索取号:F822.5/76] 在馆    
3 0837593   208375934   第一借阅区/ [索取号:F822.5/76] 在馆    
唐山师范学院图书馆 欢迎您!
大连网信软件有限公司© 版权所有